000 00907cam a2200277 a 4500
001 4017892
003 OSt
005 20200617111325.0
008 970811s1998 enkab b 001 0 eng
010 _a 97037370
020 _a9780195662993
040 _coclc
043 _aa-ii---
050 0 0 _aDS407
_b.S82 1998
082 0 0 _a954
_bSTE/H
100 _aStein, Burton
_d1926-1996.
_92374
245 1 2 _aA history of India /
_cBurton Stein.
260 _aNew Delhi:
_bOxford University Press,
_c1998.
300 _a 432 p. :
_bill., maps ;
_c26 cm.
440 0 _aBlackwell history of the world
504 _aIncludes bibliographical references and index.
906 _a7
_bcbc
_corignew
_d1
_eocip
_f19
_gy-gencatlg
942 _2ddc
_cBK
_h954
_iSTE/H
_k954
_mSTE/H
999 _c20913
_d20913